000 00803nam a2200193 i 4500
001 bg
100 1 _aCZARNY, Tadeusz
245 0 _aMetody oceny poziomu rozwoju wyrobów /
_cTadesz Czarny, Beata Siuta.
260 _aWrocław,
_c1989.
490 1 _aPrace Naukowe Instytutu Organizacji i Zarządzania Politechniki Wrocławskiej. Monografie =
_aScientific Papers of the Institute of Organization and Management Systems of the Technical University of Wrocław. Monographs,
_x0324-9492 ;
_v17
500 _aNumeracja ser. gł. : 51.
700 1 _aSIUTA, Beata
830 0 _aPrace Naukowe Instytutu Organizacji i Zarządzania Politechniki Wrocławskiej.
_pMonografie ;
_v17
040 _cBPK
041 _apol
080 _a658.56::66/69:608
942 _cKS
008 s pl f |000 0 pol
999 _c28977
_d28977
856 _uhttp://koha.tu.koszalin.pl/cgi-bin/koha/opac-detail.pl?biblionumber=28977
_yKatalog online BPK